Statystyki dla Napoje Świata

Kliknij tutaj aby rozwiązać quiz!

Ogólne statystyki

  • Ten quiz został rozwiązany 1 096 razy
  • Średni wynik to 3 z 8

Statystyki odpowiedzi

Napój% Poprawnych
coca-cola
85%
woda
57%
herbata
46%
kawa
46%
soki
44%
kakao
15%
alkohole
5%
napoje bezalkoholowe
2%

Rozkład punktacji

Percentyl według liczby udzielonych odpowiedzi

Procent ludzi z każdym wynikiem

Twoja historia wyników

Nie rozwiązałeś tego quizu